Total quality management in public sector : an international perspective

Bibliographic Details
Main Author: Morgan, Colin
Other Authors: Murgatroyd, Stephen
Format: Book
Published: Buckingham : University Press , 1994
Subjects:

MARC

LEADER 00000cam a2200000 7i4500
001 0000002667
002 000002895
005 20000330.0
020 |a 0335191029 
090 0 0 |a 350.0078   |b MOR 
100 1 |a Morgan, Colin 
245 1 0 |a Total quality management in public sector :   |b an international perspective   |c Colin Morgan 
260 |a Buckingham :   |b University Press ,   |c 1994 
300 |a 212p. ;   |c 22cm. 
650 0 0 |a Total quality management in government 
700 1 |a Murgatroyd, Stephen 
999 |a 036075   |b BUKU   |c PINJAMAN   |e PERPUSTAKAAN KOMUNITI PETALING JAYA